| 000 | 00614nam a22002057a 4500 | ||
|---|---|---|---|
| 005 | 20260521151206.0 | ||
| 010 | _aENG-148554 | ||
| 020 |
_a9788175102453 _c600.00 |
||
| 035 | _aEN-132086 | ||
| 037 | _bDBAD | ||
| 082 | _a303.6 | ||
| 245 |
_aBridging Social Divides in India and beyond/ _cEdited by Arjun Bhardwaj...[et.al] |
||
| 250 | _a1 | ||
| 260 |
_aNew Delhi _bReliance Publishing House _c2005 |
||
| 270 |
_a6/1 South Patel nagar _bNew Delhi _e110008 _k011-25708428 |
||
| 300 |
_a157p. _c23cm(hb) |
||
| 700 | _aChopra, P.N. | ||
| 700 | _aChopra, Prabha | ||
| 942 |
_2ddc _cEN _h303.6 _mBRI |
||
| 999 |
_c216340 _d216340 |
||